Evolutionary journey of amino acids: from the origin of life to human metabolism. / (Record no. 758878)
[ view plain ]
| 000 -LEADER | |
|---|---|
| fixed length control field | 00869nam a22002657a 4500 |
| 003 - CONTROL NUMBER IDENTIFIER | |
| control field | OSt |
| 005 - DATE AND TIME OF LATEST TRANSACTION | |
| control field | 20260422122543.0 |
| 008 - FIXED-LENGTH DATA ELEMENTS--GENERAL INFORMATION | |
| fixed length control field | 260422b |||||||| |||| 00| 0 eng d |
| 020 ## - INTERNATIONAL STANDARD BOOK NUMBER | |
| International Standard Book Number | 9783031933929 |
| 040 ## - CATALOGING SOURCE | |
| Transcribing agency | kul |
| 082 ## - DEWEY DECIMAL CLASSIFICATION NUMBER | |
| Classification number | 572.65 |
| Item number | BLA.E |
| 084 ## - OTHER CLASSIFICATION NUMBER | |
| Source of Number | Colon Classification |
| 100 ## - MAIN ENTRY--PERSONAL NAME | |
| Personal name | Blachier, Francois |
| 9 (RLIN) | 13601 |
| 245 ## - TITLE STATEMENT | |
| Title | Evolutionary journey of amino acids: from the origin of life to human metabolism. / |
| Statement of responsibility, etc. | Francois Blachier |
| 260 ## - PUBLICATION, DISTRIBUTION, ETC. | |
| Place of publication, distribution, etc. | Switzerland : |
| Name of publisher, distributor, etc. | Springer , |
| Date of publication, distribution, etc. | 2025 . |
| 300 ## - PHYSICAL DESCRIPTION | |
| Extent | xix, 241 p. |
| Other physical details | ill ; |
| 440 ## - SERIES STATEMENT/ADDED ENTRY--TITLE | |
| Title | Fascinating Life Sciences. |
| 9 (RLIN) | 13602 |
| 504 ## - BIBLIOGRAPHY, ETC. NOTE | |
| Bibliography, etc. note | Includes bibliographical references and index. (p.241) |
| 650 ## - SUBJECT ADDED ENTRY--TOPICAL TERM | |
| Topical term or geographic name entry element | Amino acids. |
| 9 (RLIN) | 13603 |
| 650 ## - SUBJECT ADDED ENTRY--TOPICAL TERM | |
| Topical term or geographic name entry element | Evolution (Biology). |
| 9 (RLIN) | 1172 |
| 650 ## - SUBJECT ADDED ENTRY--TOPICAL TERM | |
| Topical term or geographic name entry element | Molecular evolution. |
| 9 (RLIN) | 13604 |
| 650 ## - SUBJECT ADDED ENTRY--TOPICAL TERM | |
| Topical term or geographic name entry element | Proteins - Evolution. |
| 9 (RLIN) | 13605 |
| 650 ## - SUBJECT ADDED ENTRY--TOPICAL TERM | |
| Topical term or geographic name entry element | Biochemistry. |
| 9 (RLIN) | 13606 |
| 942 ## - ADDED ENTRY ELEMENTS (KOHA) | |
| Source of classification or shelving scheme | Dewey Decimal Classification |
| Koha item type | Book |
| Withdrawn status | Lost status | Source of classification or shelving scheme | Damaged status | Not for loan | Collection code | Home library | Current library | Shelving location | Date acquired | Total Checkouts | Full call number | Barcode | Date last seen | Price effective from | Koha item type |
|---|---|---|---|---|---|---|---|---|---|---|---|---|---|---|---|
| Dewey Decimal Classification | Non-fiction | Campus Library Kariavattom | Campus Library Kariavattom | General Stacks | 22/04/2026 | 572.65 BLA.E | UCL35781 | 22/04/2026 | 22/04/2026 | Book |
